000 01493nam a22004097a 4500
003 CHAP
005 20220329133728.0
008 971013s1991 r 00010 d
010 _a10058
011 _a11030
035 _a10268
040 _cCHAP
082 _a632.95
_bO77
110 _aOrganismo Internacional de Energía Atómica
_983512
245 _aLaboratory training manual on the use of nuclear and associated techniques in pesticide research
260 _aVienna :
_bInternational Atomic Energy Agency,
_c1991
300 _a264 p
490 _aTechnical reports series
_v; 329
590 _aBATCH-UPD
_b10
_c20130109
_lUCH01
_h2319
590 _aBATCH-UPD
_b10
_c20130110
_lUCH01
_h0209
590 _aBATCH-UPD
_b10
_c20130110
_lUCH01
_h1752
590 _aBATCH-UPD
_b10
_c20130409
_lUCH01
_h1840
590 _aBATCH-UPD
_b10
_c20130409
_lUCH01
_h2223
590 _aBATCH-UPD
_b10
_c20130410
_lUCH01
_h1130
590 _aBATCH-UPD
_b10
_c20130914
_lUCH01
_h1306
590 _aCONVERSION
_b10
_c20130109
_lUCH01
_h1306
650 1 4 _aEnergía atómica en agricultura.
_936898
650 1 4 _aPesticidas
_xAnálisis.
_987538
650 1 4 _aPesticidas
_xInvestigación.
_987560
650 1 4 _aRadiación
_xEfecto en animales.
_993666
650 1 4 _aRadiación
_xEfecto en plantas.
_993674
650 1 4 _aRadioactividad.
_993694
830 0 _aTechnical reports series
_v; 329
_9111913
901 _aBK
942 _cLIBRO
949 _a632.95 O77
_bBC
_cLIBRO
_d33724000186003
_eLIBRO
_h85283
_i10268
_mD
_si
999 _c10058
_d10058